000 00824nam a2200253Ia 4500
003 OSt
005 20220923220215.0
006 a|||||r|||| 00| 0
007 ta
008 220922b |||||||| |||| 00| 0 hin d
024 _a185,022
037 _cTextual
040 _aARTS
_cARTS
_bhin
041 _2hin
_ahin
082 _aO152,1NTR6x, K7
100 _aत्रिवेदी, रधुवीर प्रसाद
245 0 _aपौरूष
246 _aPaurūṣha
260 _aहापुड
_b शान्ता साहित्य सदन
_c1967
300 _a68 पृ.
_ccm.
650 _aहिन्दी साहित्य
_9156264
942 _hO152,1NTR6x, K7
_cTEXL
_2CC
999 _c338279
_d338279